[Event "AUTO-BEG-586"]
[Site "http://www.queenalice.com/game.php?id=1190713"]
[Date "2013.6.13"]
[Round "1"]
[White "tigre89"]
[Black "masbcampos"]
[Result "0-1"]
[WhiteElo "1268"]
[BlackElo "1209"]

1. e4 e5 2. Bc4 Qh4 3. g3 Qxe4+ 4. Kf1 Qxh1 5. Qh5 Nh6 6. Nc3 Qc6 7. Qxe5+ Kd8
8. d3 Ng4 9. Qg5+ Nf6 10. Bxf7 h6 11. Qf4 d6 12. Be3 Ng4 13. Nf3 Nxh2+ 14. Kg2
Nxf3 15. Qxf3 Bh3+ 16. Kxh3 Qxf3 17. Bd5 Qf5+ 18. g4 Qc8 19. f3 g5 20. Bd4 Rh7
21. Re1 c6 22. Bf6+ Be7 23. Be6 Qc7 24. Bd4 d5 25. Re2 Qf4 26. Re3 Qxd4 27. Nd1
h5 28. c3 Qf4 29. Bf5 hxg4+ 30. Kg2 Qh2+ 31. Kf1 Qh1+ 32. Ke2 Rh2+ 33. Nf2 gxf3+
34. Rxf3 Bc5 35. d4 Bd6 36. Rh3 Nd7 37. Rh8+ Nf8 38. Rh3 Kc7 39. b4 Re8+ 40. Re3
Rxe3+ 41. Kxe3 Qe1+ 42. Kf3 Qxf2+ 43. Kg4 Qg2# 0-1

[Event "AUTO-BEG-586"]
[Site "http://www.queenalice.com/game.php?id=1190714"]
[Date "2013.6.13"]
[Round "1"]
[White "masbcampos"]
[Black "tigre89"]
[Result "1-0"]
[WhiteElo "1227"]
[BlackElo "1244"]

1. d3 e5 2. c3 d5 3. Nf3 Nc6 4. e3 Nf6 5. Nh4 Be7 6. d4 e4 7. Bb5 Bd7 8. O-O Ng4
9. g3 Bxh4 10. Bxc6 bxc6 11. h3 Nh6 12. gxh4 Qxh4 13. Kh2 Qxh3+ 14. Kg1 Ng4 15.
Re1 Qh2+ 16. Kf1 Qh1+ 17. Ke2 Qf3+ 18. Kd2 Qg2 19. Qe2 O-O 20. b4 Nxf2 21. Ba3
Ng4 22. Qxg2 Nf6 23. Rg1 g6 24. b5 cxb5 25. Bxf8 Kxf8 26. Qg5 Kg7 27. Rh1 a5 28.
Qh6+ Kg8 29. Qg5 Ra6 30. Na3 b4 31. cxb4 axb4 32. Nc2 Rb6 33. Raf1 Kg7 34. Qh6+
Kg8 35. a3 b3 36. Nb4 Bb5 37. Rxf6 Rxf6 38. Qxh7+ Kf8 39. Qh8+ Ke7 40. Nxd5+ Ke6
41. Nxf6 Bd3 42. d5+ Kd6 43. Qd8+ Kc5 44. Qxc7+ Kb5 45. d6 b2 46. Qb7+ Ka4 47.
Qb4# 1-0

[Event "AUTO-BEG-586"]
[Site "http://www.queenalice.com/game.php?id=1190727"]
[Date "2013.6.13"]
[Round "1"]
[White "Lordofchess"]
[Black "masbcampos"]
[Result "1-0"]
[WhiteElo "1191"]
[BlackElo "1389"]

1. e4 d5 2. d3 e6 3. a3 Qf6 4. c3 Bc5 5. Nf3 e5 6. b4 Bb6 7. a4 c5 8. a5 dxe4 9.
dxe4 Bc7 10. Bc4 h6 11. Be3 Bd6 12. Na3 cxb4 13. Nb1 bxc3 14. Nxc3 Bb4 15. Qa4+
Nc6 16. O-O Bxc3 17. Rac1 Bxa5 18. Bd5 Ne7 19. Bxc6+ Nxc6 20. Bc5 b6 21. Ba3 Bd7
22. Rfd1 O-O-O 23. Qb5 Qg6 24. Bd6 Qxe4 25. Qa6# 1-0

[Event "AUTO-BEG-586"]
[Site "http://www.queenalice.com/game.php?id=1190728"]
[Date "2013.6.13"]
[Round "1"]
[White "masbcampos"]
[Black "Lordofchess"]
[Result "0-1"]
[WhiteElo "1361"]
[BlackElo "1230"]

1. g3 e5 2. b3 f6 3. Nc3 c6 4. e4 g6 5. Bc4 Nh6 6. d3 Bb4 7. Bd2 Nf7 8. Bxf7+
Kxf7 9. Qf3 Qe7 10. Nge2 Ba3 11. Bg5 Bb2 12. Rb1 Bxc3+ 13. Nxc3 Na6 14. a3 b5
15. b4 Nc7 16. O-O Ne6 17. Be3 h5 18. h4 Bb7 19. Qe2 Nd4 20. Bxd4 exd4 21. Nd1
f5 22. Nb2 d5 23. e5 Bc8 24. f4 Be6 25. Rfe1 a6 26. Nd1 Rac8 27. c3 dxc3 28.
Nxc3 d4 29. Nd1 a5 30. Ra1 Ra8 31. bxa5 Rxa5 32. Qb2 Rha8 33. Qxd4 Rxa3 34. Rxa3
Rxa3 35. Ne3 c5 36. Qb2 Rxd3 37. Qxb5 Rb3 38. Qc6 c4 39. Nc2 Rxg3+ 40. Kh2 Qxh4#
0-1

[Event "AUTO-BEG-586"]
[Site "http://www.queenalice.com/game.php?id=1190735"]
[Date "2013.6.13"]
[Round "1"]
[White "Rumo_a_Betim"]
[Black "masbcampos"]
[Result "0-1"]
[WhiteElo "1091"]
[BlackElo "1244"]

1. e4 e5 2. Nf3 d5 3. Nxe5 dxe4 4. Bc4 Be6 5. Bxe6 fxe6 6. O-O Bd6 7. Nc4 Nc6 8.
Nxd6+ Qxd6 9. Nc3 Nf6 10. Re1 h5 11. Nb5 Qe5 12. Qe2 Ng4 13. g3 a6 14. Nc3 Nd4
15. Qd1 Nf3+ 16. Kh1 Nxf2+ 17. Kg2 Nxd1 18. Rxd1 O-O-O 19. d3 exd3 20. Kxf3 dxc2
21. Rxd8+ Rxd8 22. Bf4 Rd3+ 23. Kf2 Qd4+ 24. Ke2 b5 25. h3 Qc4 26. Bd2 Rxg3+ 27.
Kf2 Rxh3 28. Kg2 Qg4+ 29. Kf2 Qf3+ 30. Ke1 Rh1# 0-1

[Event "Challenge"]
[Site "http://www.queenalice.com/game.php?id=1190747"]
[Date "2013.6.14"]
[Round "-"]
[White "heliosafo"]
[Black "masbcampos"]
[Result "1-0"]
[WhiteElo "1779"]
[BlackElo "1211"]

1. d4 d5 2. Bf4 Nc6 3. c3 Bf5 4. e3 Nf6 5. Bb5 Qd7 6. Nf3 Be4 7. Ne5 Qe6 8. f3
Bxb1 9. Rxb1 O-O-O 10. Bxc6 bxc6 11. Qa4 Nd7 12. Nxc6 Nb6 13. Qa6+ Kd7 14. Nxd8
Kxd8 15. Qxa7 Qc8 16. c4 dxc4 17. Rc1 e6 18. b3 Nd5 19. Rxc4 Bb4+ 20. Kf2 Be7
21. Rhc1 c5 22. dxc5 g5 23. Be5 f6 24. Bd6 Re8 25. Rd1 f5 26. Be5 f4 27. e4 Bd6
28. cxd6 Qxc4 29. bxc4 Ne7 30. Qc7# 1-0

[Event "AUTO-BEG-587"]
[Site "http://www.queenalice.com/game.php?id=1192767"]
[Date "2013.6.21"]
[Round "1"]
[White "thiagohenriqueoliveira"]
[Black "masbcampos"]
[Result "1-0"]
[WhiteElo "1077"]
[BlackElo "1340"]

1. e4 e5 2. Nf3 Be7 3. Nxe5 Nf6 4. Bc4 O-O 5. Qe2 Re8 6. Nxf7 Nc6 7. Nxd8+ Kf8
8. Nf7 Nd4 9. Qd3 Nc6 10. Nc3 Nb4 11. Qh3 d6 12. Ng5 Bxh3 13. gxh3 Nxc2+ 14. Kd1
Nxa1 15. Ne6+ Kg8 16. Rg1 Kh8 17. Rxg7 Rg8 18. Rxe7 Rg1+ 19. Ke2 Rxc1 20. Ng5
Re8 21. Rxc7 h6 22. Nf7+ Kh7 23. Ne5+ Kh8 24. Ng6# 1-0

[Event "AUTO-BEG-587"]
[Site "http://www.queenalice.com/game.php?id=1192768"]
[Date "2013.6.21"]
[Round "1"]
[White "masbcampos"]
[Black "thiagohenriqueoliveira"]
[Result "1-0"]
[WhiteElo "1340"]
[BlackElo "1137"]

1. e4 e5 2. Nf3 Nf6 3. Bc4 Nxe4 4. Nxe5 Qh4 5. Bxf7+ Kd8 6. g3 Qf6 7. f4 Bc5 8.
d4 Bb4+ 9. c3 Ba5 10. Bd5 c6 11. Bxe4 d5 12. Bf3 Na6 13. O-O Bf5 14. Bh5 g6 15.
Bg4 Be4 16. Re1 g5 17. fxg5 h5 18. gxf6 hxg4 19. Nf7+ Kc7 20. Nxh8 Rxh8 21. Qxg4
b5 22. Qg7+ Kd6 23. Qxh8 b4 24. f7 bxc3 25. f8=Q+ Kc7 26. bxc3 c5 27. dxc5 Kc6
28. Qd6+ Kb5 29. Qe8+ Kc4 30. Nd2+ Kd3 31. Qb5+ Kxc3 32. Qe5+ Kc2 33. Qeb2# 1-0

[Event "AUTO-BEG-587"]
[Site "http://www.queenalice.com/game.php?id=1192783"]
[Date "2013.6.21"]
[Round "1"]
[White "tigre89"]
[Black "masbcampos"]
[Result "1/2-1/2"]
[WhiteElo "1276"]
[BlackElo "1365"]

1. e4 d5 2. Nc3 d4 3. Nce2 Bg4 4. f3 Be6 5. d3 Qd6 6. Bf4 Qb4+ 7. Bd2 Qxb2 8.
Bc3 dxc3 9. Rb1 Qxa2 10. Nxc3 Qa5 11. Ne2 Nc6 12. Rxb7 Nd4 13. Qd2 g6 14. f4 Bg4
15. Nxd4 Bg7 16. Rb5 Qa6 17. Qe3 Bd7 18. Rb1 Nh6 19. h3 c5 20. Nde2 Rc8 21. g3
Qa5 22. Kd2 Bxc3+ 23. Nxc3 f5 24. Bg2 O-O 25. e5 Nf7 26. Bd5 e6 27. Bc4 Nd8 28.
Ra1 Ba4 29. Bb5 c4 30. Rxa4 Qb6 31. Qxb6 axb6 32. Bxc4 Nb7 33. Bxe6+ Kg7 34.
Bxc8 Rxc8 35. Ra7 Rc7 36. Nd5 Rd7 37. Nxb6 Rf7 38. c4 Kh6 39. d4 Nd8 40. Rxf7
Nxf7 41. d5 Kh5 42. e6 Nd6 43. e7 h6 44. c5 Ne4+ 45. Ke3 Nxc5 46. e8=Q Ne4 47.
Qe7 Nxg3 48. Rg1 Ne4 49. Nd7 g5 50. Nf6+ Nxf6 51. Qxf6 gxf4+ 52. Kxf4 1/2-1/2

[Event "AUTO-BEG-587"]
[Site "http://www.queenalice.com/game.php?id=1192784"]
[Date "2013.6.21"]
[Round "1"]
[White "masbcampos"]
[Black "tigre89"]
[Result "1-0"]
[WhiteElo "1254"]
[BlackElo "1223"]

1. d4 d5 2. e3 e6 3. Qf3 f5 4. Nh3 Be7 5. Nf4 Nf6 6. Nh5 Bf8 7. Nxf6+ Qxf6 8.
Nc3 c6 9. Qg3 Bb4 10. Bd2 O-O 11. a3 Ba5 12. b4 Bd8 13. Ne2 Qe7 14. Nf4 Bc7 15.
h4 Nd7 16. h5 Bxf4 17. Qxf4 Nf6 18. h6 g6 19. b5 Ne4 20. Bb4 c5 21. dxc5 Nxc5
22. Qe5 b6 23. a4 Qf6 24. Qd4 Qe7 25. a5 Bd7 26. axb6 axb6 27. Rxa8 Rxa8 28. Be2
Qd6 29. Qg7# 1-0

[Event "AUTO-BEG-587"]
[Site "http://www.queenalice.com/game.php?id=1192793"]
[Date "2013.6.21"]
[Round "1"]
[White "Epilos"]
[Black "masbcampos"]
[Result "1-0"]
[WhiteElo "1531"]
[BlackElo "1365"]

1. e4 d5 2. exd5 Qxd5 3. Nc3 Qe5+ 4. Qe2 Qxe2+ 5. Bxe2 Nc6 6. Bb5 Bd7 7. d3 e6
8. Nf3 Bb4 9. O-O Bxc3 10. bxc3 O-O-O 11. Bxc6 Bxc6 12. d4 Bxf3 13. gxf3 Nf6 14.
Bg5 Rd5 15. Bxf6 gxf6 16. Rfd1 Rg8+ 17. Kf1 Rdg5 18. c4 Rg2 19. Ke2 Rxh2 20. d5
exd5 21. Rxd5 h5 22. Rad1 h4 23. Rh5 Re8+ 24. Kf1 Rh1+ 25. Kg2 Rxd1 26. Rxh4
Rg8+ 27. Kh2 Rdg1 28. Rf4 Rh8+ 29. Kxg1 Rd8 30. Rxf6 Rd2 31. Rxf7 Rxc2 32. f4
Rxa2 33. f5 Ra1+ 34. Kg2 a5 35. f6 a4 36. Rh7 Rd1 37. Kf3 a3 38. f7 Rd8 39. Ke4
a2 40. Rh1 Rf8 41. Ra1 Rxf7 42. Rxa2 c5 43. f4 Re7+ 44. Kf5 Kc7 45. Kf6 Re4 46.
Kg5 Rxc4 47. f5 Re4 48. f6 Kd7 49. f7 Ke7 50. Rf2 Kf8 51. Rb2 Re7 52. Rc2 b6 53.
Rb2 Rb7 54. Kg6 c4 55. Rb4 c3 56. Rc4 b5 57. Rxc3 b4 58. Rc8+ Ke7 59. f8=Q+ 1-0

[Event "AUTO-BEG-587"]
[Site "http://www.queenalice.com/game.php?id=1192794"]
[Date "2013.6.21"]
[Round "1"]
[White "masbcampos"]
[Black "Epilos"]
[Result "1-0"]
[WhiteElo "1348"]
[BlackElo "1381"]

1. e4 e5 2. Nf3 Nc6 3. Bc4 Nf6 4. d3 d5 5. exd5 Nd4 6. Nxe5 Qe7 7. Bf4 g6 8. O-O
Bg7 9. Re1 Nh5 10. Nxg6 Qxe1+ 11. Qxe1+ Be6 12. dxe6 fxe6 13. Nxh8 Bxh8 14. Bb5+
Nxb5 15. Qxe6+ Kd8 16. Qd5+ Nd6 17. Qxh5 Kd7 18. Qxh7+ Kc6 19. Nc3 Bxc3 20. bxc3
Re8 21. Bxd6 cxd6 22. Rb1 b5 23. c4 bxc4 24. Qb7+ Kc5 25. Qxa7+ Kd5 26. Qf7+ Kc5
27. Qxe8 cxd3 28. Rb5+ Kc4 29. cxd3+ Kxd3 30. Qg6+ Kd4 31. Qxd6+ Ke4 32. Qe5+
Kd3 33. Rb4 Kc2 34. Rb3 Kd2 35. Qe3+ Kc2 36. Qe2+ Kc1 37. Rc3+ Kb1 38. Rc2 Ka1
39. Qd1# 1-0

[Event "Challenge"]
[Site "http://www.queenalice.com/game.php?id=1197382"]
[Date "2013.7.6"]
[Round "-"]
[White "vivoferreira"]
[Black "masbcampos"]
[Result "1-0"]
[WhiteElo "1607"]
[BlackElo "1350"]

1. e4 e5 2. Nf3 Qe7 3. Nc3 c6 4. d4 d6 5. dxe5 dxe5 6. h3 Nf6 7. Bg5 h6 8. Bxf6
Qxf6 9. Bd3 Bb4 10. Qd2 O-O 11. O-O-O Bxc3 12. Qxc3 Nd7 13. Rhe1 b5 14. Re2 Re8
15. Red2 Nb6 16. Be2 Na4 17. Qe3 Be6 18. b3 Nb6 19. Qc3 Red8 20. Qxc6 Rxd2 21.
Rxd2 Qf4 22. Bxb5 Rc8 23. Qb7 Bxb3 24. axb3 f5 25. Bd7 Rd8 26. Kb2 Kf8 27. Qxa7
fxe4 28. Qxb6 exf3 29. Qxd8+ Kf7 30. Qe8+ Kf6 31. Rd6+ Kg5 32. Qg6+ 1-0

[Event "Challenge"]
[Site "http://www.queenalice.com/game.php?id=1197384"]
[Date "2013.7.6"]
[Round "-"]
[White "masbcampos"]
[Black "rodrigochess"]
[Result "1-0"]
[WhiteElo "1372"]
[BlackElo "1398"]

1. e4 e5 2. Nf3 Nc6 3. Bc4 Nf6 4. Ng5 Be7 5. Qf3 O-O 6. Qh3 h6 7. Nf3 d6 8. Qg3
Nd4 9. Nxd4 exd4 10. d3 Nh5 11. Qf3 Nf6 12. Qg3 c6 13. Bxh6 Nh5 14. Qf3 gxh6 15.
Qxh5 d5 16. exd5 cxd5 17. Bxd5 Be6 18. Bxb7 Rb8 19. Be4 Bf6 20. Qxh6 Be5 21.
Qh7# 1-0

[Event "Challenge"]
[Site "http://www.queenalice.com/game.php?id=1197487"]
[Date "2013.7.6"]
[Round "-"]
[White "Consultti"]
[Black "masbcampos"]
[Result "0-1"]
[WhiteElo "1249"]
[BlackElo "1365"]

1. d4 d5 2. e3 Bf5 3. Bb5+ c6 4. Ba4 Qa5+ 5. c3 Nf6 6. Nf3 Ne4 7. Qb3 b5 8. Nh4
bxa4 9. Qc2 Bg6 10. b4 Qb5 11. Na3 Qa6 12. Nxg6 hxg6 13. c4 e6 14. cxd5 exd5 15.
f3 Ng5 16. b5 cxb5 17. e4 Bb4+ 18. Kd1 Bxa3 19. Bxa3 dxe4 20. Re1 Nc6 21. f4
Nxd4 22. Qc7 Qe6 23. fxg5 Qg4+ 24. Kc1 Rc8 25. Qxc8+ Qxc8+ 26. Kd1 Qc2# 0-1

[Event "Challenge"]
[Site "http://www.queenalice.com/game.php?id=1197719"]
[Date "2013.7.7"]
[Round "-"]
[White "vivoferreira"]
[Black "masbcampos"]
[Result "1-0"]
[WhiteElo "1604"]
[BlackElo "1356"]

1. e4 e5 2. Nf3 Nc6 3. d4 exd4 4. Nxd4 Nxd4 5. Qxd4 Nf6 6. Nc3 Be7 7. Be2 O-O 8.
Bg5 c5 9. Qd3 Qb6 10. b3 h6 11. Bxf6 Qxf6 12. O-O d6 13. Nd5 Qg5 14. Bf3 Bf6 15.
Rad1 Bd7 16. Nc7 Rad8 17. Rfe1 Be5 18. Qxd6 Bh3 19. Qxc5 Rxd1 20. Rxd1 Bxc7 21.
Qxc7 Bg4 22. Bxg4 Qxg4 23. f3 Qg5 24. Qxb7 Qe3+ 25. Kf1 a5 26. Qb5 Rc8 27. Qf5
Rxc2 28. Rd8# 1-0

[Event "AUTO-BEG-586"]
[Site "http://www.queenalice.com/game.php?id=1212484"]
[Date "2013.8.28"]
[Round "2"]
[White "Epilos"]
[Black "masbcampos"]
[Result "1-0"]
[WhiteElo "1645"]
[BlackElo "1335"]

1. e4 a5 2. Nf3 c6 3. Bc4 d5 4. exd5 cxd5 5. Bb5+ Bd7 6. Nc3 Bxb5 7. Nxb5 e6 8.
d4 Qb6 9. a4 f6 10. O-O Bd6 11. Nxd6+ Qxd6 12. Bd2 Ne7 13. Qe2 g5 14. Qb5+ Nbc6
15. Qxb7 O-O 16. Rac1 Nf5 17. Qb5 g4 18. Ne1 Nfxd4 19. Qd3 f5 20. c3 Nb3 21. Rd1
h5 22. Bh6 Rf6 23. Bg5 Ne5 24. Qb5 Rb8 25. Qe2 Rg6 26. Be7 Qc7 27. f4 Nc6 28.
Bg5 Qb6+ 29. Kh1 1-0

[Event "AUTO-BEG-586"]
[Site "http://www.queenalice.com/game.php?id=1212485"]
[Date "2013.8.28"]
[Round "2"]
[White "masbcampos"]
[Black "Epilos"]
[Result "0-1"]
[WhiteElo "1331"]
[BlackElo "1649"]

1. d4 d5 2. e3 Nc6 3. Bb5 Nf6 4. Bxc6+ bxc6 5. Nf3 Bf5 6. Qd2 Ne4 7. Qe2 e6 8.
Ne5 Bb4+ 9. c3 Ba5 10. Nxc6 Bxc3+ 11. Nxc3 Qd6 12. Ne5 Qb4 13. Qb5+ Qxb5 14.
Nxb5 O-O 15. Nxc7 Rac8 16. Nb5 Rc2 17. O-O f6 18. Nd3 a6 19. Na3 Rcc8 20. b4 Rc3
21. Nc5 Rb8 22. Nxa6 Ra8 23. b5 e5 24. dxe5 fxe5 25. Nb4 d4 26. b6 Nd6 27. Nd5
Rc5 28. Ne7+ Kf7 29. Nxf5 Nxf5 30. exd4 exd4 0-1

[Event "AUTO-BEG-586"]
[Site "http://www.queenalice.com/game.php?id=1212490"]
[Date "2013.8.28"]
[Round "2"]
[White "masbcampos"]
[Black "Ruckus"]
[Result "0-1"]
[WhiteElo "1342"]
[BlackElo "1579"]

1. e4 c5 2. c4 Nc6 3. b3 Nf6 4. d3 d6 5. Bg5 e6 6. Nc3 Be7 7. Bxf6 Bxf6 8. Rc1
Nd4 9. Nf3 b6 10. Nxd4 Bxd4 11. Nb5 Qf6 12. f3 O-O 13. Qe2 Bb2 14. Rc2 Be5 15.
h4 Bg3+ 16. Kd1 Bf4 17. h5 Qa1+ 0-1

[Event "AUTO-BEG-586"]
[Site "http://www.queenalice.com/game.php?id=1212491"]
[Date "2013.8.28"]
[Round "2"]
[White "Ruckus"]
[Black "masbcampos"]
[Result "1-0"]
[WhiteElo "1572"]
[BlackElo "1328"]

1. e4 Nc6 2. Nf3 d6 3. d4 Bg4 4. Bb5 Qd7 5. Nc3 a6 6. Ba4 b5 7. Bb3 e6 8. O-O g6
9. Bf4 Nxd4 10. Qxd4 f6 11. Qe3 e5 12. Bg3 Ne7 13. Rad1 c6 14. a3 g5 15. Rd2
Bxf3 16. Qxf3 Bg7 17. Rfd1 g4 18. Qe2 Nc8 19. f4 1-0

[Event "Challenge"]
[Site "http://www.queenalice.com/game.php?id=1216512"]
[Date "2013.9.12"]
[Round "-"]
[White "gislibjo"]
[Black "masbcampos"]
[Result "1-0"]
[WhiteElo "1384"]
[BlackElo "1335"]

1. e4 e5 2. Nf3 Nc6 3. Bb5 Nge7 4. d3 a6 5. Bc4 d5 6. exd5 Nxd5 7. Bxd5 Qxd5 8.
h3 Nd4 9. Nxd4 Qxd4 10. O-O Qh4 11. Nc3 c6 12. Qf3 Bc5 13. Ne4 b6 14. Bg5 Bxf2+
15. Rxf2 Qxf2+ 16. Nxf2 1-0